| 000 | 00427cam a2200157ua 4500 | ||
|---|---|---|---|
| 041 |
_aeng _h |
||
| 082 |
_a894.81209 _bRAJ/ME |
||
| 100 | _aRajarajavarmaraja, Vadakkumkoor . | ||
| 245 |
_aMeputhoor Narayanabhattathiri / _cVadakkumkoor Rajarajavarmaraja. _hTextual Documents |
||
| 250 |
_a1 / _b. |
||
| 260 |
_aThrissur : _bCurrent Books , _c1965. |
||
| 300 | _a135 ; . | ||
| 504 | _a | ||
| 942 | _cBK | ||
| 999 |
_c11442 _d11442 |
||